00365nam a22000977a 4500082001200000100002700012245012100039260004100160650001500201700005100216 a220 PRO aEssam Hakim Ali Dogar  aPR-SOF-1689-INDIGENOUS DEVELOPMENT OF ROBOTIC ARM USING 3D PRINTING FOR APPLICATION SUCH AS IN FIELD CROP MONITORING aISLAMABADbNUST COLLEGE OF EMEc2018 aDE-MTS-36  aSupervised by Dr Waqar Shahid Dr Mohsin Tiwana